|
|
|
|
| LEADER |
00000nnm a2200000 i 4500 |
| 001 |
dolg21264 |
| 005 |
20190910102618.0 |
| 008 |
190516suuuu hu o 000 hun d |
| 040 |
|
|
|a BGE Dolgozattár Repozitórium
|b hun
|
| 041 |
|
|
|a hu
|
| 100 |
1 |
|
|a Takács Edina
|
| 245 |
1 |
2 |
|a A BKV Vasúti Járműjavító Kft. beszerzésének és anyaggazdálkodási rendszerének teljes körű bemutatása
|c Takács Edina
|h [elektronikus dokumentum]
|
| 516 |
|
|
|a Project_work
|
| 695 |
|
|
|a BKV
|
| 695 |
|
|
|a logisztika
|
| 700 |
1 |
|
|a Király Dr. Éva
|e ths
|
| 856 |
4 |
0 |
|u http://dolgozattar.uni-bge.hu/21264/1/Projektmunka%20Tak%C3%A1cs%20Edina%20pdf%20file.pdf
|z Dokumentum-elérés
|